Iniciación con los niños: para quienes se interesan en la educación de los niños de edad temprana

Sparad:
Bibliografiska uppgifter
Huvudupphovsmän: Danoff, Judith (Författare, medförfattare), Breitbart, Vicki (Författare, medförfattare), Barr, Elinor (Författare, medförfattare)
Materialtyp: Bok
Språk:spanska
Publicerad: Ciudad de México Trillas 1981
Ämnen:
Taggar: Lägg till en tagg
Inga taggar, Lägg till första taggen!

MARC

LEADER 00000nam a2200000 a 4500
001 UCY8512
003 CL-VaPUC
008 950703e19810000MX |||||||||||||||||spa|d
082 0 4 |a 372.21  |b DAN  |2 21 
100 0 |a Danoff, Judith  |e author  |9 339933 
700 0 |a Breitbart, Vicki  |e author  |9 339934 
700 0 |a Barr, Elinor  |e author  |9 339935 
245 1 0 |a Iniciación con los niños: para quienes se interesan en la educación de los niños de edad temprana 
300 |a 254 p 
942 |c BK 
945 |d 19950703 00:00:00  |a mfernand 
260 |a Ciudad de México  |b Trillas  |c 1981 
650 0 |a Educación preescolar  |9 260381 
650 0 |a Niños de edad preescolar  |9 335607 
650 7 |a EDUCADOR DE PARVULOS  |2 CL-VaPUC  |9 339207 
650 7 |a RELACION ESCUELA ALUMNO  |2 CL-VaPUC  |9 334718 
650 0 |a Adaptación escolar  |9 308713 
650 0 |a Disciplina escolar  |9 271077 
650 7 |a MEDIO EDUCACIONAL  |2 CL-VaPUC  |9 309106 
650 7 |a JUEGO METODO DE ESTUDIO  |2 CL-VaPUC  |9 339936 
583 |a last modification  |c 19950703 00:00:00  |k Rodrigo Vera 
999 |c 235748  |d 235746 
952 |0 0  |1 0  |4 0  |6 372_210000000000000_DAN_1981  |7 0  |8 P  |9 243360  |a BIBEDU  |b BIBEDU  |c BIBEDU_PB  |d 2019-11-18  |i 1528629  |o 372.21 DAN 1981  |p 1528629  |r 2024-01-25  |w 2019-11-18  |y BK  |k EDU